Statystyki dla Stolice świata najbliżej Amsterdamu - 15-sekundowy sprint

Kliknij tutaj aby rozwiązać quiz!

Ogólne statystyki

  • Ten quiz został rozwiązany 30 razy
  • Średni wynik to 4 z 20

Statystyki odpowiedzi

kmstolica% Poprawnych
173Bruksela
86%
578Berlin
81%
1098Warszawa
48%
430Paryż
43%
319Luksemburg
29%
622Kopenhaga
24%
358Londyn
24%
713Praga
19%
914Oslo
14%
1125Sztokholm
10%
936Wiedeń
10%
631Berno
5%
987Bratysława
5%
756Dublin
5%
1126Andora
0%
989Lublana
0%
979Monako
0%
1091San Marino
0%
670Vaduz
0%
1086Zagrzeb
0%

Rozkład punktacji

Percentyl według liczby udzielonych odpowiedzi

Procent ludzi z każdym wynikiem

Twoja historia wyników

Nie rozwiązałeś tego quizu